| 000 | 00000nam 2200000za 4500 |
| 001 | 9.856067 |
| 003 | CaOODSP |
| 005 | 20221107155443 |
| 007 | cr ||||||||||| |
| 008 | 180502s1992 onc #os f|0| 0 eng d |
| 040 | |aCaOODSP|beng |
| 043 | |an-cn--- |
| 086 | 1 |aCS81-0005/1992E-PDF |
| 245 | 00|aInformation manual |h[electronic resource] : |bSurvey of 1990 Graduates. |
| 260 | |a[Ottawa] : |bStatistics Canada, |c1992. |
| 300 | |a[46] p. |
| 500 | |aIssued also in French under title: Manuel d'information : Enquête auprès des diplômés de 1990. |
| 500 | |aDigitized edition from print [produced by Statistics Canada]. |
| 500 | |a"June 1992." |
| 692 | 07|2gccst|aSurveys |
| 692 | 07|2gccst|aStudents |
| 710 | 2 |aStatistics Canada. |
| 775 | 08|tManuel d'information |w(CaOODSP)9.856068 |
| 856 | 40|qPDF|s19.98 MB|uhttps://publications.gc.ca/collections/collection_2018/statcan/CS81-0005-1992-eng.pdf |
| 986 | |a81N0005XPE |